000 00559 a2200169 4500
005 20250612135342.0
020 _a0-07-293586-3
082 _aLECT 658.403 HAA
100 _aHAAG, S.
245 _aManagement Information Systems : For the Information Age.
250 _a5th Ed.
260 _aNew York,
_bMcGraw-Hill,
_c2005.
300 _axxxiii, 554p.: ill.; figure, picture, table
_bGlossary & Index
_c28cm.
700 _aCUMMINGS, M. & McCUBBREY, D. J.
856 _yAccess Online Book
_fManagement Information Systems
_dwww.mhhe.com/haag
942 _2ddc
_cBKS
999 _c3872
_d3872